000 00533nam a2200193 a 4500
001 1770813380333
003 YourLibrary
005 20260211180754.0
008 260211s2001##################000#0#eng##
020 _a9780688179502
082 0 4 _a306.7
_bBAR
100 1 _aBarron, James D.,
_eauthor.
245 1 0 _aShe Wants a Ring--and I Don't Wanna Change a Thing :
260 _bHarper Collins,
_c2001.
300 _a194 pages
650 0 _aFamily & Relationships.
942 _cENGLISH
040 _aYourLibrary
_beng
_cYourLibrary
999 _c611909
_d611909